000 00423nam a2200157 i 4500
001 87239
003 ES-MaACL
005 20230906175627.0
007 t|
008 041220s1913 xxk ||||1| eng d
100 1 _aKnopp, Douglas.
_968365
245 1 0 _aOutlines of railway economics /
_cby Douglas Knoop.
260 _aLondon :
_bMacmillan and CÂș,
_c1913.
300 _aXVI, 274 p. ;
_c19 cm.
852 _aES-MaACL
_jD-841
999 _c87239
_d87239